| 000 | 01329pam a2200313 a 4500 | ||
|---|---|---|---|
| 001 | 1981925 | ||
| 005 | 20020907203247.0 | ||
| 008 | 890522s1990 nyua 001 0 eng | ||
| 010 | _a 89034889 | ||
| 020 | _a0070459177 (recycled paper) | ||
| 040 |
_aDLC _cDLC _dDLC |
||
| 050 | 0 | 0 |
_aTK1001 _b.N38 1990 |
| 082 | 0 | 0 |
_a621.31 _220 _bNAS |
| 100 | 1 | _aNasar, S. A. | |
| 245 | 1 | 0 |
_aSchaum's Outline of Theory And Problems of Electric Power Systems / _cSyed A. Nasar. |
| 246 | 3 | 0 | _aOutline of theory and problems of electric power systems |
| 246 | 1 | 4 | _aTheory and problems of electric power systems |
| 246 | 1 | 8 | _aElectric power systems |
| 260 |
_aNew York : _bMcGraw-Hill, _cc1990. |
||
| 300 |
_a175 p. : _bill. ; _c28 cm. |
||
| 490 | 0 | _aSchaum's outline series | |
| 500 | _aIncludes index. | ||
| 650 | 0 | _aElectric power systems. | |
| 856 | 4 | 2 |
_3Publisher description _uhttp://www.loc.gov/catdir/description/mh022/89034889.html |
| 856 | 4 | 1 |
_3Table of contents _uhttp://www.loc.gov/catdir/toc/mh021/89034889.html |
| 942 |
_2ddc _cBB |
||
| 999 |
_c10835 _d10835 |
||